Normal view
MARC view
- Plataea, Battle of, Plataiai, Greece, 479 B.C.
Entry Topical Term
001 - CONTROL NUMBER
- control field: 5979
003 - CONTROL NUMBER IDENTIFIER
- control field: NUST
005 - DATE AND TIME OF LATEST TRANSACTION
- control field: 20171106103800.0
008 - FIXED-LENGTH DATA ELEMENTS
- fixed length control field: 171106|| aca||aabn | a|a d
040 ## - CATALOGING SOURCE
- Original cataloging agency: NUST
- Transcribing agency: NUST
150 ## - HEADING--TOPICAL TERM
- Topical term or geographic name entry element: Plataea, Battle of, Plataiai, Greece, 479 B.C.
670 ## - SOURCE DATA FOUND
- Source citation: Work cat.: (NUST)0: Herodotus 5977, Histories. Book IX /, 2002.
